[Event "World Rapid Team 2023"]
[Site "Dusseldorf GER"]
[Date "2023.08.26"]
[Round "4.3"]
[Board "2"]
[White "Martirosyan, Haik M."]
[Black "Koellner, Ruben Gideon"]
[Result "1-0"]
[WhiteTitle "GM"]
[BlackTitle "IM"]
[WhiteElo "2683"]
[BlackElo "2478"]
[WhiteTeam "Armenia"]
[BlackTeam "Team Chessemy.com"]
[WhiteFideId "13306553"]
[BlackFideId "12993093"]
[EventDate "2023.08.26"]

1. d4 d5 2. c4 e6 3. Nf3 Nf6 4. Nc3 Be7 5. Bf4 O-O 6. e3 b6 7. cxd5 Nxd5 8. Nxd5
Qxd5 9. Bxc7 Qa5+ 10. Nd2 Ba6 11. Bxa6 Nxa6 12. Bg3 Qb5 13. Qe2 Qxb2 14. O-O Bb4
15. Qxa6 Bxd2 16. h3 Rfc8 17. a3 h6 18. Rab1 Qc2 19. Qe2 Ba5 20. Qg4 Kh7 21.
Rbc1 Qg6 22. Qf3 Bd2 23. Rcd1 Bc3 24. Qe2 Qe4 25. Rd3 Ba5 26. Rfd1 Rd8 27. Qh5
Qg6 28. Qf3 Rac8 29. e4 Rc4 30. Kh2 b5 31. d5 Rxe4 32. d6 Bb6 33. d7 e5 34. Rd6
f6 35. Qb3 h5 36. h4 Qf5 37. R1d2 Rd4 38. R2xd4 Bxd4 39. Qf7 Bb6 40. Qe8 Qg6 41.
Qe7 Qf5 42. Rxb6 Rxd7 43. Qe6 Qxe6 44. Rxe6 Kg6 45. Ra6 Kf5 46. f3 g5 47. hxg5
fxg5 48. Bf2 g4 49. fxg4+ hxg4 50. Rxa7 Rd2 51. Bg3 Rd5 52. Re7 Ke4 53. Kg1 Rc5
54. Kh2 Rd5 55. Bf2 Rd3 56. Bc5 Kf4 57. Rf7+ Kg5 58. Be7+ Kg6 59. Rf6+ Kg7 60.
Rf5 Re3 61. Bc5 Re4 62. Bd6 Kg6 63. Rxe5 Rd4 64. Bb4 1-0

[Event "World Rapid Team 2023"]
[Site "Dusseldorf GER"]
[Date "2023.08.26"]
[Round "4.3"]
[Board "3"]
[White "Carlstedt, Jonathan"]
[Black "Sargsyan, Shant"]
[Result "1/2-1/2"]
[WhiteTitle "IM"]
[BlackTitle "GM"]
[WhiteElo "2453"]
[BlackElo "2639"]
[WhiteTeam "Team Chessemy.com"]
[BlackTeam "Armenia"]
[WhiteFideId "24614386"]
[BlackFideId "13306766"]
[EventDate "2023.08.26"]

1. Nf3 d5 2. e3 Nf6 3. c4 e6 4. b3 Bd6 5. Bb2 O-O 6. Nc3 b6 7. Be2 Bb7 8. O-O
Nbd7 9. cxd5 exd5 10. Nb5 Be7 11. Rc1 c5 12. d4 a6 13. Nc3 Rc8 14. dxc5 bxc5 15.
Qd2 Nb6 16. Rfd1 Qd7 17. a4 Qe6 18. a5 Nbd7 19. Qc2 h6 20. Bd3 Rfd8 21. Bf5 Qc6
22. Na4 Rb8 23. Bh3 Ba8 24. Bxf6 Nxf6 25. Nxc5 Ne4 26. Nxe4 Qxc2 27. Rxc2 dxe4
28. Rxd8+ Bxd8 29. Nd4 Bxa5 30. Rc8+ Rxc8 31. Bxc8 Kf8 32. Bxa6 Ke7 33. Kf1 g6
34. Bc4 Bb7 35. Ke2 f5 36. Bb5 Bb6 37. g3 Bc8 38. h4 g5 39. hxg5 hxg5 40. Nc2
Kd6 41. Bc4 Ke5 42. b4 f4 43. gxf4+ gxf4 44. exf4+ Kxf4 45. Ne3 Ke5 46. Kd2 Bd4
47. b5 Bd7 48. Be2 Kd6 49. Bg4 Bxe3+ 50. Kxe3 Bxg4 51. Kxe4 Kc5 1/2-1/2

[Event "World Rapid Team 2023"]
[Site "Dusseldorf GER"]
[Date "2023.08.26"]
[Round "4.3"]
[Board "4"]
[White "Ter-Sahakyan, Samvel"]
[Black "Rafiee, Makan"]
[Result "1-0"]
[WhiteTitle "GM"]
[BlackTitle "FM"]
[WhiteElo "2609"]
[BlackElo "2279"]
[WhiteTeam "Armenia"]
[BlackTeam "Team Chessemy.com"]
[WhiteFideId "13302531"]
[BlackFideId "24609340"]
[EventDate "2023.08.26"]

1. e4 e5 2. Nf3 Nc6 3. Bb5 a6 4. Ba4 Nf6 5. O-O Be7 6. Re1 b5 7. Bb3 O-O 8. a4
b4 9. d4 d6 10. dxe5 dxe5 11. Nbd2 Bc5 12. a5 Qe7 13. Bd5 Bb7 14. Nb3 Bd6 15.
Bg5 Nd8 16. Nh4 g6 17. Qf3 Kg7 18. Qh3 h5 19. Rad1 c6 20. Bc4 Bc8 21. Qg3 Be6
22. Rd3 Bxc4 23. Rf3 Ng4 24. Bxe7 Bxe7 25. h3 Bxh4 26. Qxh4 Nh6 27. Qf6+ Kh7 28.
Nc5 Ne6 29. Nd7 Rfd8 30. Nxe5 Nd4 31. Nxc4 1-0

[Event "World Rapid Team 2023"]
[Site "Dusseldorf GER"]
[Date "2023.08.26"]
[Round "4.3"]
[Board "5"]
[White "Lubbe, Melanie"]
[Black "Danielian, Elina"]
[Result "0-1"]
[WhiteTitle "WGM"]
[BlackTitle "GM"]
[WhiteElo "2256"]
[BlackElo "2416"]
[WhiteTeam "Team Chessemy.com"]
[BlackTeam "Armenia"]
[WhiteFideId "4690745"]
[BlackFideId "13300210"]
[EventDate "2023.08.26"]

1. e4 d6 2. d4 Nf6 3. Nc3 c6 4. f4 Qa5 5. Bd3 e5 6. Nf3 Bg4 7. dxe5 dxe5 8. fxe5
Nfd7 9. Bf4 Bb4 10. O-O O-O 11. Ne2 Bxf3 12. Rxf3 Nxe5 13. Bxe5 Qxe5 14. Rf5 Qe7
15. Ng3 g6 16. Rf1 Nd7 17. c3 Bc5+ 18. Kh1 Ne5 19. Bc2 Rad8 20. Qe2 Qh4 21. Bd1
Qh6 22. Qe1 Rd2 23. b4 Nd3 24. Nf5 Qg5 25. Qg3 Nf2+ 26. Rxf2 Qxg3 27. Nxg3 Bxf2
28. Bb3 Bxg3 29. hxg3 Kg7 30. Kh2 Rfd8 31. Rf1 f6 32. g4 Re2 33. g5 fxg5 34.
Rf7+ Kh6 35. Rxb7 Rdd2 36. Bg8 g4 37. Kg3 Kg5 0-1

[Event "World Rapid Team 2023"]
[Site "Dusseldorf GER"]
[Date "2023.08.26"]
[Round "4.3"]
[Board "6"]
[White "Atoyan, Alberto"]
[Black "Rennkamp, David"]
[Result "1-0"]
[WhiteElo "1896"]
[BlackElo "1738"]
[WhiteTeam "Armenia"]
[BlackTeam "Team Chessemy.com"]
[WhiteFideId "13314831"]
[BlackFideId "16249526"]
[EventDate "2023.08.26"]

1. e4 e5 2. Nf3 Nc6 3. Bb5 a6 4. Ba4 f5 5. d4 fxe4 6. Nxe5 Nf6 7. O-O Bd6 8. Nc4
b5 9. Nxd6+ cxd6 10. Bb3 d5 11. Bg5 h6 12. Bxf6 Qxf6 13. Bxd5 Rb8 14. Re1 Ne7
15. Rxe4 Bb7 16. Bxb7 Rxb7 17. Qe2 d5 18. Re6 Qxd4 19. Nc3 O-O 20. Rd1 Qf4 21.
g3 Qf7 22. Nxd5 Nxd5 23. Rxd5 Rc7 24. Rde5 Rd7 25. Re7 Rxe7 26. Rxe7 Qxa2 27.
Qe5 Rf7 28. Re8+ Kh7 29. Qe4+ g6 30. Qd4 Rg7 31. Qd8 g5 32. Qd3+ Rg6 33. Re7+ 1-0

[Event "World Rapid Team 2023"]
[Site "Dusseldorf GER"]
[Date "2023.08.26"]
[Round "4.4"]
[Board "1"]
[White "Eljanov, Pavel"]
[Black "Rodshtein, Maxim"]
[Result "0-1"]
[WhiteTitle "GM"]
[BlackTitle "GM"]
[WhiteElo "2695"]
[BlackElo "2606"]
[WhiteTeam "Ashdod Elit Chess Club"]
[BlackTeam "Rishon LeZion Chess Club"]
[WhiteFideId "14102951"]
[BlackFideId "2806851"]
[EventDate "2023.08.26"]

1. d4 Nf6 2. c4 e6 3. Nc3 Bb4 4. e3 O-O 5. Bd3 d5 6. a3 Bxc3+ 7. bxc3 dxc4 8.
Bxc4 c5 9. Nf3 Qc7 10. Be2 Nc6 11. O-O Rd8 12. c4 b6 13. Bb2 Bb7 14. Rc1 Rac8
15. Re1 Ne7 16. Bd3 Be4 17. Bf1 Ng4 18. g3 Ba8 19. Bh3 Nf6 20. d5 Ne4 21. Nd2
Ng5 22. Bg2 exd5 23. Qg4 Ne6 24. cxd5 Bxd5 25. e4 Bb7 26. Nf3 Nc6 27. h4 h6 28.
h5 Ned4 29. Rcd1 Qe7 30. e5 Qe6 31. Qh4 Nxf3+ 32. Bxf3 Rxd1 33. Rxd1 Qb3 34. Bg4
Qxb2 35. e6 Rf8 36. e7 Re8 37. Bd7 Ne5 38. Bxe8 Nf3+ 39. Kf1 Ba6+ 40. Kg2 Nxh4+
41. gxh4 Qe2 0-1

[Event "World Rapid Team 2023"]
[Site "Dusseldorf GER"]
[Date "2023.08.26"]
[Round "4.4"]
[Board "2"]
[White "Zanan, Evgeny"]
[Black "Volokitin, Andrei"]
[Result "1/2-1/2"]
[WhiteTitle "GM"]
[BlackTitle "GM"]
[WhiteElo "2470"]
[BlackElo "2661"]
[WhiteTeam "Rishon LeZion Chess Club"]
[BlackTeam "Ashdod Elit Chess Club"]
[WhiteFideId "24101940"]
[BlackFideId "14107090"]
[EventDate "2023.08.26"]

1. e4 c5 2. c3 Nf6 3. e5 Nd5 4. Nf3 d6 5. Bb5+ Bd7 6. Bc4 e6 7. d4 cxd4 8. Bxd5
exd5 9. O-O dxe5 10. Nxe5 Nc6 11. Nxd7 Qxd7 12. cxd4 Be7 13. Nc3 O-O 14. Be3
Rac8 15. Rc1 Rfd8 16. Qf3 Bf6 17. Rfd1 Ne7 18. b3 Rc6 19. Ne2 Rdc8 20. Rxc6 Rxc6
21. Nf4 Rc2 22. Nh5 Qf5 23. Nxf6+ Qxf6 24. Qg3 h6 25. Qb8+ Kh7 26. Qxb7 Rxa2 27.
h3 Qe6 28. Qb5 Nf5 29. Qd3 Qg6 30. Rc1 a5 31. g4 Nxe3 32. Qxe3 h5 33. Qf4 Ra3
34. Rc7 Rxb3 35. Qxf7 Qxf7 36. Rxf7 Rxh3 37. Rd7 hxg4 38. Rxd5 a4 39. Ra5 a3 40.
Ra6 Rd3 41. Kg2 g6 42. Ra7+ Kh6 43. Kf1 Kg5 44. Ke2 Rh3 45. d5 Kf6 46. d6 Ke6
47. d7 Ke7 48. Kf1 Rd3 49. Kg2 Kd8 50. Kh2 Rf3 51. Kg2 Ke7 52. Kg1 g3 53. fxg3
Rxg3+ 54. Kf2 Rb3 55. Kg2 Rb2+ 56. Kf3 a2 57. Kf4 Rg2 58. Kf3 Rd2 59. Kf4 Kd8
60. Kg5 Rg2+ 61. Kf6 g5 62. Ke6 Re2+ 63. Kd6 Rd2+ 64. Ke6 g4 65. Ra8+ Kc7 66.
d8=Q+ Rxd8 67. Rxa2 g3 68. Rg2 Rd3 69. Ke5 Kc6 70. Kf4 Kd5 71. Rxg3 Rxg3 72.
Kxg3 Ke5 1/2-1/2

[Event "World Rapid Team 2023"]
[Site "Dusseldorf GER"]
[Date "2023.08.26"]
[Round "4.4"]
[Board "3"]
[White "Alekseev, Evgeny"]
[Black "Bronstein, Or"]
[Result "1/2-1/2"]
[WhiteTitle "GM"]
[BlackTitle "IM"]
[WhiteElo "2573"]
[BlackElo "2459"]
[WhiteTeam "Ashdod Elit Chess Club"]
[BlackTeam "Rishon LeZion Chess Club"]
[WhiteFideId "4138147"]
[BlackFideId "2815770"]
[EventDate "2023.08.26"]

1. e4 e5 2. Nf3 Nf6 3. Nxe5 d6 4. Nf3 Nxe4 5. d4 d5 6. Bd3 Nc6 7. O-O Be7 8.
Nbd2 Nxd2 9. Bxd2 Bg4 10. c3 O-O 11. h3 Bh5 12. Bf5 a6 13. Re1 Bd6 14. Qe2 h6
15. Qe3 Qf6 16. Bc2 Bxf3 17. Qxf3 Qxf3 18. gxf3 Ne7 19. b3 Ng6 20. c4 Bf4 21.
Be3 Rad8 22. Rac1 c6 23. Bd3 Bb8 24. cxd5 Rxd5 25. Rc5 Nh4 26. Be2 Rfd8 27. Kf1
g5 28. Rd1 Ba7 29. Rxd5 Rxd5 30. f4 gxf4 31. Bxf4 Rxd4 32. Rxd4 Bxd4 33. Bxh6 f6
34. Bg4 f5 35. Be2 Kf7 36. Bg5 Bf6 37. Bd2 b5 38. Be3 Ke6 39. Bh5 Kd6 40. Ke2 c5
41. Bf4+ Kd5 42. Bf7+ Ke4 43. Bd6 Kd4 44. Be6 c4 45. bxc4 bxc4 46. Bg3 Kc3 47.
f3 Kb4 48. Bd6+ 1/2-1/2

[Event "World Rapid Team 2023"]
[Site "Dusseldorf GER"]
[Date "2023.08.26"]
[Round "4.4"]
[Board "4"]
[White "Veinberg, Nimrod"]
[Black "Galperin, Platon"]
[Result "0-1"]
[WhiteTitle "IM"]
[BlackTitle "GM"]
[WhiteElo "2417"]
[BlackElo "2566"]
[WhiteTeam "Rishon LeZion Chess Club"]
[BlackTeam "Ashdod Elit Chess Club"]
[WhiteFideId "2810280"]
[BlackFideId "14165414"]
[EventDate "2023.08.26"]

1. d4 d5 2. c4 e6 3. Nf3 Nf6 4. g3 c5 5. cxd5 cxd4 6. Bg2 Qxd5 7. Qxd4 Nc6 8.
Qxd5 Nxd5 9. O-O Be7 10. a3 O-O 11. b4 b5 12. Bb2 a5 13. Nc3 Bf6 14. Nxd5 Bxb2
15. Ra2 exd5 16. Rxb2 axb4 17. axb4 Ra4 18. h4 Rd8 19. Rc1 Nxb4 20. Rc5 Ba6 21.
Nd4 Nd3 22. exd3 Rxd4 23. Rc6 Ra4 24. d4 g6 25. Bf1 Bc8 26. Rxb5 Ra1 27. Kg2 Bd7
28. Rd6 Bh3+ 29. Kxh3 Rxd6 30. Bg2 Ra2 31. f4 Rd2 32. Rxd5 Ra6 33. h5 Raa2 34.
h6 Kf8 35. Bf3 Ke7 36. Kg4 Ra3 37. Re5+ Kf8 38. Bc6 f6 39. Re8+ Kf7 40. Rh8 f5+
41. Kh3 Kf6 42. Rf8+ Ke7 43. Re8+ Kd6 44. d5 Rdd3 45. Re6+ Kc5 46. Re7 Rxg3+ 47.
Kh2 Rh3+ 48. Kg2 Rxh6 49. Bb7 Rd3 50. Rc7+ Kb6 51. Re7 Rh4 52. Bc6 h6 53. Re6
Rxf4 54. Rxg6 Rg4+ 55. Rxg4 fxg4 56. Be8 Rxd5 57. Kg3 h5 0-1

[Event "World Rapid Team 2023"]
[Site "Dusseldorf GER"]
[Date "2023.08.26"]
[Round "4.4"]
[Board "5"]
[White "Muzychuk, Mariya"]
[Black "Efroimski, Marsel"]
[Result "1-0"]
[WhiteTitle "GM"]
[BlackTitle "IM"]
[WhiteElo "2511"]
[BlackElo "2439"]
[WhiteTeam "Ashdod Elit Chess Club"]
[BlackTeam "Rishon LeZion Chess Club"]
[WhiteFideId "14114550"]
[BlackFideId "2810964"]
[EventDate "2023.08.26"]

1. e4 e6 2. d4 d5 3. Nc3 Nf6 4. Bg5 dxe4 5. Nxe4 Nbd7 6. Nf3 h6 7. Nxf6+ Nxf6 8.
Be3 Ng4 9. Bd2 c5 10. Bb5+ Bd7 11. Qe2 a6 12. Bxd7+ Qxd7 13. Bc3 Nf6 14. dxc5
Bxc5 15. Bxf6 gxf6 16. O-O Ke7 17. Rad1 Qc6 18. Nh4 Rhg8 19. g3 Rg5 20. Rd3 Rd8
21. Rxd8 Kxd8 22. Rd1+ Rd5 23. Ng2 Ke7 24. Nf4 Rxd1+ 25. Qxd1 Qb6 26. Nd3 Bd6
27. b3 Qa5 28. a4 Qc3 29. Qf3 b6 30. Qb7+ Bc7 31. Nb4 Qe1+ 32. Kg2 Qxb4 33.
Qxc7+ Kf8 34. Qc8+ Kg7 35. Qxa6 Qe4+ 36. Kg1 Qxc2 37. Qxb6 Qb1+ 38. Kg2 Qe4+ 39.
Kf1 Qb1+ 40. Ke2 Qc2+ 41. Kf3 Qf5+ 42. Ke3 Qe5+ 43. Kd3 Qd5+ 44. Kc3 e5 45. a5
e4 46. a6 Qd3+ 47. Kb4 Qd2+ 48. Kb5 Qd5+ 49. Ka4 Qd7+ 50. Ka3 Qe7+ 51. b4 Qe5
52. a7 Qa1+ 53. Kb3 Qd1+ 54. Kc4 Qd3+ 55. Kc5 Qc2+ 56. Kd6 Qd1+ 57. Kc7 Qc2+ 58.
Kb8 1-0

[Event "World Rapid Team 2023"]
[Site "Dusseldorf GER"]
[Date "2023.08.26"]
[Round "4.4"]
[Board "6"]
[White "Raiko, Yossi"]
[Black "Blonder, Daniel"]
[Result "1-0"]
[WhiteElo "1841"]
[BlackElo "1824"]
[WhiteTeam "Rishon LeZion Chess Club"]
[BlackTeam "Ashdod Elit Chess Club"]
[WhiteFideId "2835711"]
[BlackFideId "2841754"]
[EventDate "2023.08.26"]

1. d4 Nf6 2. c4 g6 3. Nc3 Bg7 4. e4 d6 5. Nf3 O-O 6. Be2 e5 7. d5 Nbd7 8. O-O
Nc5 9. Qc2 a5 10. Bg5 h6 11. Be3 Nfd7 12. b3 f5 13. Ne1 f4 14. Bd2 Nf6 15. f3 g5
16. Nd3 Nxd3 17. Qxd3 h5 18. Be1 Nh7 19. Bf2 g4 20. c5 Qg5 21. Rfc1 g3 22. hxg3
fxg3 23. Be3 Qh4 24. Rc2 Qh2+ 25. Kf1 Qh1+ 26. Bg1 Bh6 27. cxd6 h4 28. f4 Rxf4+
29. Bf3 Bg4 30. Ne2 Rxf3+ 31. gxf3 Rf8 32. dxc7 1-0

[Event "World Rapid Team 2023"]
[Site "Dusseldorf GER"]
[Date "2023.08.26"]
[Round "4.5"]
[Board "1"]
[White "Donchenko, Alexander"]
[Black "Caruana, Fabiano"]
[Result "0-1"]
[WhiteTitle "GM"]
[BlackTitle "GM"]
[WhiteElo "2684"]
[BlackElo "2782"]
[WhiteTeam "Germany and Friends"]
[BlackTeam "Kompetenzakademie Allstars"]
[WhiteFideId "24603295"]
[BlackFideId "2020009"]
[EventDate "2023.08.26"]

1. Nf3 Nf6 2. c4 b6 3. d4 e6 4. g3 Ba6 5. Nbd2 Bb7 6. Bg2 Be7 7. O-O O-O 8. b3
c5 9. dxc5 bxc5 10. Bb2 a5 11. Qc2 Nc6 12. Bc3 d5 13. cxd5 exd5 14. Ne5 Nb4 15.
Qb2 Ra6 16. Rfd1 Qc8 17. e3 Ng4 18. Ndf3 Rd8 19. a3 Nc6 20. Rac1 Qf5 21. Nxc6
Bxc6 22. h3 Nf6 23. Qe2 Ra7 24. Qc2 Qxc2 25. Rxc2 Rb8 26. Bxf6 gxf6 27. Nh4 Rd7
28. Nf5 Bf8 29. Rd3 c4 30. bxc4 dxc4 31. Rd4 Bb5 32. Rc3 Rxd4 33. exd4 Ba6 34.
Bd5 Rb3 35. Rxb3 cxb3 36. Bxb3 Bxa3 37. d5 Bc8 38. g4 Bd7 39. Kf1 a4 40. Ba2
Bb5+ 41. Ke1 Bb4+ 42. Kd1 Kf8 43. d6 Ke8 44. Ng7+ Kd7 45. Nf5 Bxd6 46. Nxd6 Kxd6
47. Bxf7 Ke5 48. Bg8 h6 49. Ke1 Kf4 50. Bd5 a3 51. Kd2 Bf1 52. Kc3 Bxh3 53. Kb3
Bxg4 54. Kxa3 h5 55. Kb2 h4 0-1

[Event "World Rapid Team 2023"]
[Site "Dusseldorf GER"]
[Date "2023.08.26"]
[Round "4.5"]
[Board "2"]
[White "Aronian, Levon"]
[Black "Bluebaum, Matthias"]
[Result "1/2-1/2"]
[WhiteTitle "GM"]
[BlackTitle "GM"]
[WhiteElo "2742"]
[BlackElo "2670"]
[WhiteTeam "Kompetenzakademie Allstars"]
[BlackTeam "Germany and Friends"]
[WhiteFideId "13300474"]
[BlackFideId "24651516"]
[EventDate "2023.08.26"]

1. c4 e6 2. g3 d5 3. Bg2 Nf6 4. Nf3 Bd6 5. O-O O-O 6. b3 Nc6 7. Bb2 d4 8. e3 e5
9. Na3 Re8 10. exd4 e4 11. Ne1 Bg4 12. f3 Bxa3 13. Bxa3 exf3 14. Nxf3 Nxd4 15.
Bb2 Ne4 16. Bxd4 Bxf3 17. Qxf3 Qxd4+ 18. Kh1 Re7 19. Rae1 Nf2+ 20. Qxf2 Qxf2 21.
Rxe7 Qxd2 22. Rxc7 h5 23. Rfxf7 Kh8 24. Rc5 Qd1+ 25. Rf1 Qe2 26. h4 Rd8 27. Rd5
Rxd5 28. cxd5 Kg8 29. a4 g6 30. Kh2 Kg7 31. Rc1 Qe5 32. Rc4 Kh6 33. b4 a6 34.
Rf4 b5 35. axb5 axb5 36. Rf1 Qd4 37. Rf4 Qe5 38. Kh3 Qd6 39. Kh2 Qe5 1/2-1/2

[Event "World Rapid Team 2023"]
[Site "Dusseldorf GER"]
[Date "2023.08.26"]
[Round "4.5"]
[Board "4"]
[White "Siebrecht, Sebastian"]
[Black "Kollars, Dmitrij"]
[Result "0-1"]
[WhiteTitle "GM"]
[BlackTitle "GM"]
[WhiteElo "2361"]
[BlackElo "2628"]
[WhiteTeam "Kompetenzakademie Allstars"]
[BlackTeam "Germany and Friends"]
[WhiteFideId "4609352"]
[BlackFideId "12909572"]
[EventDate "2023.08.26"]

1. d4 d5 2. c4 e6 3. Nc3 Nf6 4. Nf3 Nbd7 5. cxd5 exd5 6. Bf4 c6 7. e3 Nh5 8. Bg3
Nxg3 9. hxg3 Bd6 10. Bd3 Nf6 11. Qc2 Qe7 12. O-O-O Bg4 13. Bxh7 O-O-O 14. Bf5+
Kb8 15. Kb1 g6 16. Bxg4 Nxg4 17. Rc1 f5 18. a3 a6 19. Ka2 Ka7 20. b4 Nf6 21. Na4
Ne4 22. Nc5 g5 23. Rhf1 g4 24. Nh4 Qf7 25. a4 Rc8 26. a5 Be7 27. Rh1 Rh6 28.
Nxf5 Rxh1 29. Nxe7 Rch8 30. Nc8+ Kb8 31. Nb6 Rxc1 32. Qxc1 Qxf2+ 33. Ka3 Qd2 34.
Qf1 Qxe3+ 35. Nb3 0-1

[Event "World Rapid Team 2023"]
[Site "Dusseldorf GER"]
[Date "2023.08.26"]
[Round "4.5"]
[Board "5"]
[White "Bashylina, Luisa"]
[Black "Tsatsalashvili, Keti"]
[Result "1-0"]
[WhiteTitle "WFM"]
[BlackTitle "WGM"]
[WhiteElo "2152"]
[BlackElo "2315"]
[WhiteTeam "Germany and Friends"]
[BlackTeam "Kompetenzakademie Allstars"]
[WhiteFideId "12983292"]
[BlackFideId "13603434"]
[EventDate "2023.08.26"]

1. d4 Nf6 2. c4 e6 3. Nc3 Bb4 4. a3 Bxc3+ 5. bxc3 h6 6. e3 O-O 7. Bd3 c5 8. Nf3
Nc6 9. O-O d6 10. e4 e5 11. Be3 b6 12. h3 Re8 13. d5 Na5 14. Nd2 Ba6 15. f4 exf4
16. Bxf4 Qe7 17. Qf3 Nd7 18. Qg3 Ne5 19. Bxh6 Ng6 20. Bf4 Nb7 21. Nf3 Qf6 22.
Bd2 Ne5 23. Nxe5 Qxe5 24. Qg4 Na5 25. Rf5 Qe7 26. Bg5 Qf8 27. Qg3 Bxc4 28. Bc2
Rac8 29. Bf6 Re5 30. Bxe5 dxe5 31. Qxe5 Ba6 32. Qf4 Rd8 33. Rd1 Bc8 34. Rg5 Nc4
35. e5 Nxa3 36. Be4 g6 37. e6 fxe6 38. Rxg6+ Kh8 39. Qh4+ 1-0

[Event "World Rapid Team 2023"]
[Site "Dusseldorf GER"]
[Date "2023.08.26"]
[Round "4.6"]
[Board "1"]
[White "Krastev, Alexander"]
[Black "Dominguez Perez, Leinier"]
[Result "1-0"]
[WhiteTitle "IM"]
[BlackTitle "GM"]
[WhiteElo "2411"]
[BlackElo "2739"]
[WhiteTeam "Schachverein Hemer"]
[BlackTeam "Chess Pensioners"]
[WhiteFideId "12989983"]
[BlackFideId "3503240"]
[EventDate "2023.08.26"]

1. e4 c5 2. Nf3 d6 3. Bb5+ Nd7 4. d4 cxd4 5. Nxd4 Nf6 6. O-O e5 7. Nf5 a6 8. Bd3
Nc5 9. Bg5 d5 10. Nc3 dxe4 11. Bxe4 Ncxe4 12. Nxg7+ Bxg7 13. Qxd8+ Kxd8 14. Nxe4
Ke7 15. f4 Ke6 16. f5+ Ke7 17. Rad1 a5 18. Rd5 Ra6 19. Rxe5+ Kd7 20. Rd1+ Kc7
21. Bf4 Kb6 22. Nd6 Bd7 23. Nxf7 Rc8 24. Nd6 Rxc2 25. Re7 Bh8 26. Be3+ Kc7 27.
Nf7 Bg7 28. Bf4+ Kb6 29. Ne5 Bxf5 30. Be3+ Kb5 31. Rxb7+ Ka4 32. Rd4+ 1-0

[Event "World Rapid Team 2023"]
[Site "Dusseldorf GER"]
[Date "2023.08.26"]
[Round "4.6"]
[Board "2"]
[White "Svidler, Peter"]
[Black "Voicu-Jagodzinsky, Carmen"]
[Result "1-0"]
[WhiteTitle "GM"]
[BlackTitle "WGM"]
[WhiteElo "2688"]
[BlackElo "2264"]
[WhiteTeam "Chess Pensioners"]
[BlackTeam "Schachverein Hemer"]
[WhiteFideId "4102142"]
[BlackFideId "1206729"]
[EventDate "2023.08.26"]

1. e4 c5 2. Nf3 Nc6 3. Bb5 g6 4. Bxc6 dxc6 5. d3 Bg7 6. h3 Qc7 7. Nc3 e5 8. a3
Nf6 9. b4 cxb4 10. axb4 O-O 11. O-O h6 12. Be3 Be6 13. Qd2 Kh7 14. Ne2 a6 15.
Qc3 Nh5 16. d4 Nf4 17. Bxf4 exf4 18. e5 g5 19. Qd3+ Kh8 20. Nc3 Rad8 21. Ne4 Qe7
22. c3 Bf5 23. Rfe1 h5 24. Qd2 g4 25. Nh2 Bh6 26. Nf6 gxh3 27. Qe2 Bg6 28. gxh3
Qe6 29. Qf3 Rg8 30. Kh1 Rg7 31. Rg1 Qf5 32. Rae1 Bg5 33. Ne4 Be7 34. Nf1 Rdg8
35. Nfd2 h4 36. Qg4 Qxg4 37. hxg4 f3 38. Nxf3 Bh7 39. g5 h3 40. Nf6 Rd8 41. Nh4
Bc2 42. Re3 Bxf6 43. gxf6 Rh7 44. Nf3 Rf8 45. Kh2 Bf5 46. c4 b5 47. d5 bxc4 48.
Nd4 Bc8 49. Nxc6 Rh4 50. Ne7 Bg4 51. Rxg4 1-0

[Event "World Rapid Team 2023"]
[Site "Dusseldorf GER"]
[Date "2023.08.26"]
[Round "4.6"]
[Board "4"]
[White "Sadvakasov, Darmen"]
[Black "Jagodzinsky, Andreas"]
[Result "1-0"]
[WhiteTitle "GM"]
[WhiteElo "2629"]
[BlackElo "2176"]
[WhiteTeam "Chess Pensioners"]
[BlackTeam "Schachverein Hemer"]
[WhiteFideId "13700464"]
[BlackFideId "4636961"]
[EventDate "2023.08.26"]

1. e4 c6 2. d4 d5 3. Nd2 dxe4 4. Nxe4 Nf6 5. Nxf6+ exf6 6. c3 Bd6 7. Bd3 O-O 8.
Qc2 Re8+ 9. Ne2 h5 10. Be3 Nd7 11. h3 Nf8 12. g4 h4 13. Rg1 Bh2 14. Rg2 Bc7 15.
O-O-O Qd5 16. Rgg1 Qxa2 17. g5 f5 18. Bxf5 Qa1+ 19. Kd2 Bxf5 20. Rxa1 Bxc2 21.
Kxc2 Ng6 22. Rg4 Ne7 23. Re4 a6 24. Kd3 Nf5 25. Rxe8+ Rxe8 26. c4 g6 27. Rg1 Rd8
28. Rg4 b5 29. b3 bxc4+ 30. bxc4 a5 31. Rg1 Rb8 32. Bd2 Kf8 33. Ra1 Ra8 34. Ra4
Ke8 35. Nc3 Kd7 36. Ne4 Rb8 37. Nc5+ Kd6 38. Bf4+ 1-0

[Event "World Rapid Team 2023"]
[Site "Dusseldorf GER"]
[Date "2023.08.26"]
[Round "4.6"]
[Board "5"]
[White "Besou, Hussain"]
[Black "Houska, Jovanka"]
[Result "1-0"]
[WhiteTitle "FM"]
[BlackTitle "IM"]
[WhiteElo "2364"]
[BlackElo "2340"]
[WhiteTeam "Schachverein Hemer"]
[BlackTeam "Chess Pensioners"]
[WhiteFideId "16269950"]
[BlackFideId "405094"]
[EventDate "2023.08.26"]

1. e4 c6 2. d4 d5 3. e5 Bf5 4. Nf3 e6 5. Be2 Nd7 6. O-O Bg6 7. Nbd2 Nh6 8. Nb3
Nf5 9. a4 Be7 10. a5 Bh5 11. Ne1 Bxe2 12. Qxe2 a6 13. Nd3 h5 14. c3 Rc8 15. Nbc5
Nxc5 16. dxc5 d4 17. c4 g6 18. b4 Qc7 19. Bb2 Rd8 20. Rad1 Bf8 21. Ne1 Bg7 22.
Nf3 O-O 23. Nxd4 Qxe5 24. Qxe5 Bxe5 25. Nxf5 Bxb2 26. Nd6 Rd7 27. Rd3 e5 28. Re1
f5 29. Kf1 Rfd8 30. Re2 Ba1 31. f3 Kh7 32. Ke1 g5 33. Ra3 Bd4 34. Nxf5 Kg6 35.
Nd6 h4 36. h3 Kf6 37. Re4 Kg6 38. Ke2 Kf6 39. Rd3 Bb2 40. Rg4 Bc1 41. g3 hxg3
42. Rxg3 Ke6 43. h4 Rh8 44. hxg5 Rh2+ 45. Kd1 Bf4 46. Rg1 Ra2 47. Ke1 Rh7 48. g6
Rhh2 49. Ne4 Ra1+ 50. Rd1 Raa2 51. g7 Bg3+ 52. Nxg3 Kf7 53. g8=Q+ 1-0

[Event "World Rapid Team 2023"]
[Site "Dusseldorf GER"]
[Date "2023.08.26"]
[Round "4.6"]
[Board "6"]
[White "Ananyev, Yaroslav"]
[Black "Xue, Luka"]
[Result "0-1"]
[WhiteElo "1509"]
[BlackElo "1925"]
[WhiteTeam "Chess Pensioners"]
[BlackTeam "Schachverein Hemer"]
[WhiteFideId "343430678"]
[BlackFideId "16277252"]
[EventDate "2023.08.26"]

1. d4 d5 2. Nf3 Nf6 3. Bf4 c5 4. e3 Nc6 5. Nbd2 Bf5 6. Bb5 e6 7. Ne5 Qb6 8.
Bxc6+ bxc6 9. Qc1 cxd4 10. exd4 Qxd4 11. Nb3 Qe4+ 12. Qe3 Rc8 13. O-O Qxe3 14.
Bxe3 Bd6 15. Nf3 Bxc2 16. Rfc1 Be4 17. Nfd4 Kd7 18. Na5 c5 19. Nb5 d4 20. Nxd6
Kxd6 21. Bd2 Bd5 22. Nb3 Ne4 23. Bf4+ e5 24. Bg3 f5 25. f3 Nxg3 26. hxg3 c4 27.
Nd2 e4 28. fxe4 fxe4 0-1